000 00369nam a22001577a 4500
020 _a81-7130-807-4
082 _aM3
_bMUH/D
100 _aMuhammed N P
245 _aDaivathinte Kannu/
_cby Muhammed N P
260 _aKottayam:
_bD C,
_c2014.
300 _a143p.
650 _aNovel Malayalam
650 _aLiterature Malayalam
650 _aLiterature
942 _cBK
999 _c52683
_d52683